Global sociology : (Record no. 5372)
[ view plain ]
| 000 -LEADER | |
|---|---|
| fixed length control field | 00869pam a2200193 a 4500 |
| 020 ## - INTERNATIONAL STANDARD BOOK NUMBER | |
| ISBN | 0070570183 (pbk. : acidfree paper) |
| 020 ## - INTERNATIONAL STANDARD BOOK NUMBER | |
| ISBN | 9780070570184 |
| 050 00 - CALL NUMBER | |
| Classification number | HM51 |
| Item number | .S3488 |
| 100 1# - AUTHOR | |
| Personal name | Schneider, Linda. |
| 245 10 - TITLE | |
| Title | Global sociology : |
| Remainder of title | introducing five contemporary societies / |
| Statement of responsibility, etc | Linda Schneider, Arnold Silverman. |
| 260 ## - PUBLICATION INFORMATION | |
| Place of publication | New York : |
| Name of publisher | McGraw Hill, |
| Year of publication | c1997. |
| 300 ## - DESCRIPTION | |
| Number of Pages | xxx, 286 p. : |
| Other physical details | ill., maps ; |
| Dimensions | 24 cm. |
| 500 ## - NOTES | |
| General note | Includes index. |
| 505 ## - FORMATTED CONTENTS NOTE | |
| Table of Content | Chapter 1. Japan: A Conforming Culture Chapter 2. Mexico: Nation of Networks Chapter 3. The Bushmen of Namibia: Ancient Culture in a New Nation Chapter 4. Egypt: Faith, Gender, and Class Chapter 5. Germany: Social Institutions and Social Change in a Modern Western Society |
| 650 #0 - SUBJECTS | |
| Topical Term | Sociology. |
| 650 #0 - SUBJECTS | |
| Topical Term | Sociology |
| General subdivision | Cross-cultural studies. |
| 700 1# - OTHER AUTHORS | |
| Personal name | Silverman, Arnold R., |
| 942 ## - ADDED ENTRY ELEMENTS (KOHA) | |
| Koha item type | Books |
| Withdrawn status | Lost status | Collection code | Home library | Current library | Shelving location | Date acquired | Full call number | Accession Number | Koha item type |
|---|---|---|---|---|---|---|---|---|---|
| Reference | Methodist University Library Main | Methodist University Library Main | General Stacks | HM51 .S3488 | 16966 | Books |